| 000 | 00562nam a2200169Ia 4500 | ||
|---|---|---|---|
| 005 | 20250424120237.0 | ||
| 008 | 250424s9999 xx 000 0 und d | ||
| 022 | _a15980271 | ||
| 050 | _aTA 1. F88/ | ||
| 245 | 0 | _aFUTAJEET: international journal of engineering and engineering technology | |
| 260 | _aOndo | ||
| 260 | _bSchool of Engineering and Engineering Technology, Federal University of Technology, Akure | ||
| 260 | _c2010 | ||
| 300 | _a143 p. :ill. ; 30 cm. | ||
| 650 | _aEngineering--Periodicals. Engineering--Nigeria--Periodicals. | ||
| 942 | _cSR | ||
| 999 |
_c38208 _d38208 |
||